Las funciones ejecutivas del estudiante (Registro nro. 3965)

Detalles MARC
000 -Cabecera
Campo de control de longitud fija 00724nam a22003017a 4500
005 - Fecha y hora de la última transacción
Campo de control 20260428164107.0
008 - Elementos de longitud fija--Información general
Campo de control de longitud fija 150316b2014 xxu||||| |||| 00| 0 spa d
020 ## - International Standard Book Number
Número Internacional Estándar del Libro (ISBN) 9788427719699
041 ## - Idioma
Código de idioma Español
082 ## - Clasificación Decimal Dewey
Número de clasificación 371.302.81 M827f
100 ## - Entrada principal--Autor personal
Nombre personal Moraine, Paula
9 (RLIN) 25929
245 ## - Título propiamente dicho
Título Las funciones ejecutivas del estudiante
260 ## - Pie de imprenta
Lugar de publicación, distribución, etc. España
260 ## - Pie de imprenta
Nombre del editor, distribuidor, etc. Narcea
260 ## - Pie de imprenta
Fecha de publicación, distribución, etc. 2014
300 ## - Descripción física
Extensión 172 páginas
490 ## - Serie
Título de la Serie Temática General
650 ## - Materia general
Temática (materia general) TÉCNICAS DE ESTUDIO
650 ## - Materia general
Temática (materia general) ATENCIÓN
650 ## - Materia general
Temática (materia general) MEMORIA
650 ## - Materia general
Temática (materia general) APRENDIZAJE
650 ## - Materia general
Temática (materia general) MOTIVACIÓN
650 ## - Materia general
Temática (materia general) ATENCIÓN
650 ## - Materia general
Temática (materia general) ORGNIZACIÓN
650 ## - Materia general
Temática (materia general) PLANIFICACIÓN
650 ## - Materia general
Temática (materia general) INICIATIVA
942 ## - Punto de acceso adicional KOHA
Tipo de ítem KOHA Libro
Fuente del sistema de clasificación o colocación Dewey Decimal Classification
Existencias
Signatura completa Código de barras Programa Académico Tipo de ítem
371.302.81 M827f 19263 Temática General Libro